MARC details
| 000 -LEADER |
| fixed length control field |
01725cam a2200349 i 4500 |
| 001 - CONTROL NUMBER |
| control field |
20706716 |
| 003 - CONTROL NUMBER IDENTIFIER |
| control field |
OSt |
| 005 - DATE AND TIME OF LATEST TRANSACTION |
| control field |
20220826151920.0 |
| 008 - FIXED-LENGTH DATA ELEMENTS--GENERAL INFORMATION |
| fixed length control field |
181011s2020 ilua b 001 0 eng c |
| 010 ## - LIBRARY OF CONGRESS CONTROL NUMBER |
| LC control number |
2018041787 |
| 020 ## - INTERNATIONAL STANDARD BOOK NUMBER |
| International Standard Book Number |
9781492571254 (print) |
| 040 ## - CATALOGING SOURCE |
| Original cataloging agency |
LBSOR/DLC |
| Language of cataloging |
eng |
| Transcribing agency |
LBSOR |
| Description conventions |
rda |
| Modifying agency |
DLC |
| 042 ## - AUTHENTICATION CODE |
| Authentication code |
pcc |
| 050 00 - LIBRARY OF CONGRESS CALL NUMBER |
| Classification number |
GV1782.5 |
| Item number |
.S64 2020 |
| 082 00 - DEWEY DECIMAL CLASSIFICATION NUMBER |
| Classification number |
DC 792.82 |
| Edition number |
2020 |
| Item number |
So23 |
| 100 1# - MAIN ENTRY--PERSONAL NAME |
| Personal name |
Sofras, Pamela, |
| Relator term |
author. |
| 9 (RLIN) |
45765 |
| 245 10 - TITLE STATEMENT |
| Title |
Dance composition basics / |
| Statement of responsibility, etc. |
Pamela Anderson Sofras. |
| 250 ## - EDITION STATEMENT |
| Edition statement |
Second edition. |
| 264 #1 - PRODUCTION, PUBLICATION, DISTRIBUTION, MANUFACTURE, AND COPYRIGHT NOTICE |
| Place of production, publication, distribution, manufacture |
Champaign, IL : |
| Name of producer, publisher, distributor, manufacturer |
Human Kinetics, |
| Date of production, publication, distribution, manufacture, or copyright notice |
[2020] |
| 300 ## - PHYSICAL DESCRIPTION |
| Extent |
xvii, 156 pages : |
| Other physical details |
illustrations ; |
| Dimensions |
28 cm |
| 336 ## - CONTENT TYPE |
| Content type term |
text |
| Source |
rdacontent |
| 337 ## - MEDIA TYPE |
| Media type term |
unmediated |
| Source |
rdamedia |
| 338 ## - CARRIER TYPE |
| Carrier type term |
volume |
| Source |
rdacarrier |
| 504 ## - BIBLIOGRAPHY, ETC. NOTE |
| Bibliography, etc |
Includes bibliographical references and index. |
| 505 0# - FORMATTED CONTENTS NOTE |
| Formatted contents note |
The body: exploring the ways we move -- Space: exploring the expanse we move in -- Time: exploring tempo -- Energy: force generating movement -- Choreographic devices: creating finished compositions |
| 520 ## - SUMMARY, ETC. |
| Summary, etc. |
"Designed for beginning college-level dance composition courses and dance courses at the middle and high school levels, this textbook and its ancillaries highlight selected portions of original dance compositions by two famous choreographers"-- |
| Assigning source |
Provided by publisher. |
| 650 #0 - SUBJECT ADDED ENTRY--TOPICAL TERM |
| Topical term or geographic name as entry element |
Choreography |
| Form subdivision |
Textbooks. |
| 9 (RLIN) |
45766 |
| 776 08 - ADDITIONAL PHYSICAL FORM ENTRY |
| Relationship information |
Online version: |
| Main entry heading |
Sofras, Pamela, author. |
| Title |
Dance composition basics |
| Edition |
Second edition. |
| Place, publisher, and date of publication |
Champaign, IL : Human Kinetics, [2020] |
| International Standard Book Number |
9781492589815 |
| Record control number |
(DLC) 2018049963 |
| 906 ## - LOCAL DATA ELEMENT F, LDF (RLIN) |
| a |
7 |
| b |
cbc |
| c |
orignew |
| d |
1 |
| e |
ecip |
| f |
20 |
| g |
y-gencatlg |
| 942 ## - ADDED ENTRY ELEMENTS (KOHA) |
| Source of classification or shelving scheme |
Dewey Decimal Classification |
| Koha item type |
Circulation |